Countries With the Word "To" in Their Names - Statistics

General Stats
  • This quiz has been taken 86 times
  • The average score is 5 of 6
Answer Stats
Continent Countries % Correct
Africa Togo
97%
Oceania Tonga
92%
North America Trinidad andTobago
89%
Europe Estonia
74%
Africa Equatorial Guinea
58%
Africa Sao Tome andPrincipe
58%
No matching quizzes found
Score Distribution
Percent of People with Each Score
Percentile by Number Answered
Your Score History
You have not taken this quiz